| 000 | 00640ata a2200241 4500 | ||
|---|---|---|---|
| 005 | 20231101131543.0 | ||
| 008 | 150602b2017 xxu||||| |||| 00| 0 spa d | ||
| 020 | _a9789977130183 | ||
| 041 | _aESP | ||
| 082 | _a342.972.86 C8374c34 | ||
| 100 | _aCosta Rica. Leyes, decretos, etc. | ||
| 245 | _aConstitución política de la República de Costa Rica | ||
| 250 | _a34 edición | ||
| 260 | _aCosta Rica | ||
| 260 | _bIJSA | ||
| 260 | _c2017 | ||
| 300 | _a76 páginas | ||
| 650 | _aCOSTA RICA | ||
| 650 | _aCONSTITUCIÓN | ||
| 650 | _aDERECHO PÚBLICO | ||
| 650 | _aLEY DE INICIATIVA POPULAR | ||
| 942 |
_cBK _2ddc |
||
| 999 |
_c11105 _d11105 |
||